Statistics for Biggest Cities in the World (Extreme)

Click here to take the quiz!

General Stats

  • This quiz has been taken 164 times
    (141 since last reset)
  • The average score is 234 of 403

Answer Stats

PopulationCountryCity% Correct
1,620,343SpainBarcelona
98%
16,704,306ChinaBĕijīng
98%
9,293,612EgyptCairo
98%
10,356,500BangladeshDhaka
98%
2,956,587United Arab EmiratesDubai
98%
15,214,177TurkeyIstanbul
98%
8,540,121IndonesiaJakarta
98%
13,903,620NigeriaLagos
98%
8,908,081United KingdomLondon
98%
3,223,334SpainMadrid
98%
12,506,468RussiaMoscow
98%
8,804,190United StatesNew York City
98%
6,747,815BrazilRio de Janeiro
98%
12,325,232BrazilSão Paulo
98%
9,668,465South KoreaSeoul
98%
20,217,748ChinaShànghăi
98%
7,153,309IranTehran
98%
3,517,182TurkeyAnkara
95%
7,216,000IraqBaghdad
95%
2,151,665RomaniaBucharest
95%
1,752,286HungaryBudapest
95%
3,430,992South AfricaCape Town
95%
2,087,700VenezuelaCaracas
95%
11,034,555IndiaDelhi
95%
8,993,082VietnamHo Chi Minh City
95%
7,860,781South AfricaJohannesburg
95%
11,624,219PakistanKarachi
95%
7,273,947DR CongoKinshasa
95%
4,496,694IndiaKolkata
95%
2,950,800UkraineKyiv
95%
4,196,198AustraliaMelbourne
95%
8,918,653MexicoMexico City
95%
12,442,373IndiaMumbai
95%
4,397,073KenyaNairobi
95%
4,205,961Saudi ArabiaRiyadh
95%
2,860,009ItalyRome
95%
5,351,935RussiaSaint Petersburg
95%
1,937,451YemenSanaa
95%
5,453,600SingaporeSingapore
95%
4,321,535AustraliaSydney
95%
2,646,204TaiwanTaipei
95%
3,273,000EthiopiaAddis Ababa
93%
5,107,530EgyptAlexandria
93%
2,364,230AlgeriaAlgiers
93%
5,104,476ThailandBangkok
93%
3,769,495GermanyBerlin
93%
1,223,000United KingdomBirmingham
93%
7,743,955ColombiaBogotá
93%
4,646,732IndiaChennai
93%
1,304,379United StatesDallas
93%
10,641,408ChinaGuăngzhōu
93%
8,053,663VietnamHanoi
93%
2,304,580United StatesHouston
93%
1,453,975MalaysiaKuala Lumpur
93%
8,838,102PeruLima
93%
3,898,747United StatesLos Angeles
93%
6,759,313AngolaLuanda
93%
1,600,000PhilippinesManila
93%
1,404,239ItalyMilan
93%
4,901,000SomaliaMogadishu
93%
2,592,413JapanOsaka
93%
1,874,578AustraliaPerth
93%
3,222,000North KoreaPyongyang
93%
5,220,161ChileSantiago
93%
8,336,599JapanTokyo
93%
1,165,632AustraliaAdelaide
91%
1,916,100LebanonBeirut
91%
3,391,946South KoreaBusan
91%
3,359,818MoroccoCasablanca
91%
4,364,541TanzaniaDar es Salaam
91%
2,132,394CubaHavana
91%
3,043,532AfghanistanKabul
91%
1,442,271NepalKathmandu
91%
1,410,858SudanKhartoum
91%
1,012,211SudanKhartoum North
91%
6,310,888PakistanLahore
91%
2,020,600BelarusMinsk
91%
1,704,694CanadaMontréal
91%
1,471,508GermanyMunich
91%
1,978,028UzbekistanTashkent
91%
2,731,571CanadaToronto
91%
1,888,776AustriaVienna
91%
1,700,612PolandWarszawa
91%
7,541,527ChinaWŭhàn
91%
5,403,052ChinaXī'ān
91%
2,070,463GhanaAccra
89%
1,116,513AzerbaijanBaku
89%
8,495,492IndiaBengaluru
89%
3,055,149BrazilBrasília
89%
2,746,388United StatesChicago
89%
1,569,394SyriaDamascus
89%
1,386,330PakistanHyderabad
89%
6,993,262IndiaHyderabad
89%
1,603,797United StatesPhiladelphia
89%
1,607,734EcuadorQuito
89%
2,581,827Dominican RepublicSanto Domingo
89%
2,521,564BrazilBelo Horizonte
86%
2,054,614AustraliaBrisbane
86%
1,211,035BelgiumBrussels
86%
2,891,082ArgentinaBuenos Aires
86%
9,177,000ChinaChéngdū
86%
2,646,503SenegalDakar
86%
1,195,727GuatemalaGuatemala City
86%
1,899,160GermanyHamburg
86%
1,485,231ZimbabweHarare
86%
7,012,738(China)Hong Kong
86%
2,867,446Saudi ArabiaJeddah
86%
1,680,600UgandaKampala
86%
1,323,624Saudi ArabiaMecca
86%
2,533,424ColombiaMedellín
86%
1,135,512MexicoMonterrey
86%
2,148,271FranceParis
86%
1,653,461BrazilRecife
86%
1,883,027JapanSapporo
86%
1,235,880NigeriaAbuja
84%
1,275,857JordanAmman
84%
1,239,220CanadaCalgary
84%
1,495,182MexicoGuadalajara
84%
5,849,537ChinaHángzhōu
84%
2,191,279JapanNagoya
84%
3,124,458IndiaPune
84%
1,013,240United StatesSan Jose
84%
1,453,500Costa RicaSan José
84%
1,238,438BulgariaSofia
84%
1,049,498GeorgiaTbilisi
84%
9,583,277ChinaTiānjīn
84%
3,662,000ChinaXiàmén
84%
5,633,927IndiaAhmedabad
82%
1,470,100New ZealandAuckland
82%
2,500,603Turkeyİzmir
82%
1,021,762LiberiaMonrovia
82%
1,011,494UkraineOdesa
82%
1,573,544CambodiaPhnom Penh
82%
1,324,277CzechiaPrague
82%
2,000,900KazakhstanAlmaty
80%
1,810,366MaliBamako
80%
1,397,939SerbiaBelgrade
80%
1,300,000Saudi ArabiaMedina
80%
1,304,687UruguayMontevideo
80%
1,608,139United StatesPhoenix
80%
4,395,243Cote d'IvoireAbidjan
77%
1,275,207MadagascarAntananarivo
77%
1,373,382Republic of the CongoBrazzaville
77%
3,920,222BangladeshChittagong
77%
6,263,790ChinaChóngqìng
77%
2,786,046South AfricaDurban
77%
4,596,313ChinaHā'ĕrbīn
77%
1,080,277MozambiqueMaputo
77%
1,763,336South AfricaPretoria
77%
2,886,698BrazilSalvador
77%
1,434,625United StatesSan Antonio
77%
1,386,932United StatesSan Diego
77%
1,093,485ArmeniaYerevan
77%
1,602,264SyriaAleppo
75%
1,055,964Sierra LeoneFreetown
75%
1,143,841JapanHiroshima
75%
2,173,800TogoLomé
75%
1,052,217NicaraguaManagua
75%
10,358,381ChinaShēnzhèn
75%
2,374,658IndonesiaSurabaya
75%
1,276,738HondurasTegucigalpa
75%
1,906,962CameroonYaoundé
75%
1,699,719IndonesiaBandung
73%
2,252,616ColombiaCali
73%
2,686,612BrazilFortaleza
73%
3,098,727ChinaHéféi
73%
3,931,300NigeriaKano
73%
1,451,132UkraineKharkiv
73%
1,528,478JapanKobe
73%
1,747,152ZambiaLusaka
73%
5,827,888ChinaNánjīng
73%
1,339,500ArgentinaRosario
73%
1,013,533RussiaVolgograd
73%
4,477,638MyanmarYangon
73%
2,278,691EcuadorGuayaquil
70%
2,219,580BrazilManaus
70%
1,208,099MyanmarMandalay
70%
1,488,252BrazilPorto Alegre
70%
4,501,610IndiaSurat
70%
1,349,772RussiaYekaterinburg
70%
3,574,443JapanYokohama
70%
4,015,700ChinaChángshā
68%
1,112,072MoroccoFès
68%
3,046,163IndiaJaipur
68%
1,459,640JapanKyoto
68%
2,262,600VenezuelaMaracaibo
68%
4,556,077ChinaQīngdăo
68%
2,853,398ChinaÜrümqi
68%
1,660,973GuineaConakry
66%
1,392,289JapanFukuoka
66%
1,547,164IranIsfahan
66%
1,051,583RussiaPerm
66%
1,300,983MexicoTijuana
66%
1,499,641BrazilBelém
64%
2,418,346South KoreaDaegu
64%
3,534,500ChinaFúzhōu
64%
1,750,971IndonesiaMedan
64%
1,259,013RussiaNizhniy Novgorod
64%
1,419,007RussiaNovosibirsk
64%
1,121,429RussiaUfa
64%
1,948,626BrazilCuritiba
61%
1,817,524CameroonDouala
61%
3,034,200NigeriaIbadan
61%
2,660,833ChinaNánníng
61%
1,434,062MexicoPuebla
61%
1,170,910RussiaSamara
61%
1,249,942IranShiraz
61%
2,686,825ChinaWēnzhōu
61%
1,585,704IndiaAgra
59%
1,412,701TurkeyBursa
59%
1,612,100ArgentinaCórdoba
59%
3,902,467ChinaDàlián
59%
4,212,750EgyptGiza
59%
2,942,828South KoreaIncheon
59%
1,257,391RussiaKazan
59%
1,129,281RussiaOmsk
59%
2,761,720PhilippinesQuezon City
59%
4,459,300ChinaZhèngzhōu
59%
1,062,919RussiaChelyabinsk
57%
1,065,975TurkeyGaziantep
57%
3,385,363ChinaKūnmíng
57%
2,307,177IranMashhad
57%
1,208,333KenyaMombasa
57%
1,722,480BoliviaSanta Cruz de la Sierra
57%
1,274,250ColombiaBarranquilla
55%
2,035,064GhanaKumasi
55%
1,119,875RussiaRostov-na-Donu
55%
3,644,017ChinaShàntóu
55%
5,718,232ChinaShĕnyáng
55%
1,585,500VenezuelaValencia
55%
1,798,218IndiaBhopal
52%
2,506,595PakistanFaisalabad
52%
3,641,562ChinaJìnán
52%
1,519,711TaiwanKaohsiung
52%
1,238,962MexicoLeón de los Aldama
52%
2,583,073ChinaNíngbō
52%
1,475,223Burkina FasoOuagadougou
52%
1,743,101PakistanRawalpindi
52%
1,054,537RussiaVoronezh
52%
1,028,736ColombiaCartagena de Indias
50%
1,536,097BrazilGoiânia
50%
2,768,057IndiaKanpur
50%
2,817,105IndiaLucknow
50%
1,053,500ArgentinaMendoza
50%
1,739,800IraqMosul
50%
3,095,219ChinaShíjiāzhuāng
50%
1,463,882South KoreaDaejeon
48%
1,134,310VietnamĐà Nẵng
48%
1,212,504PhilippinesDavao
48%
1,994,397IndiaIndore
48%
1,283,380DR CongoLubumbashi
48%
2,405,665IndiaNagpur
48%
1,321,004MexicoCiudad Juárez
45%
4,014,560TaiwanNew Taipei
45%
1,218,773PakistanPeshawar
45%
1,063,103JapanSendai
45%
1,198,491IndiaVaranasi
45%
1,248,988TurkeyAdana
43%
3,411,209ChinaChángchūn
43%
2,438,595ChinaLánzhōu
43%
1,684,297IndiaPatna
43%
1,108,975BrazilSão Luís
43%
1,213,792BrazilCampinas
41%
1,085,664GermanyKöln
41%
2,261,717ChinaZībó
41%
7,271,322ChinaDōngguān
39%
1,384,471PakistanGujranwala
39%
1,200,000SomaliaHargeysa
39%
1,469,722ChinaJílín
39%
2,614,380ChinaNánchāng
39%
2,757,736ChinaWúxī
39%
1,050,721IndiaCoimbatore
36%
2,520,061ChinaGuìyáng
36%
1,833,900ChinaHăikŏu
36%
1,238,488ChinaHuáinán
36%
1,321,717IndonesiaMakassar
36%
1,437,230PakistanMultan
36%
1,849,659SudanOmdurman
36%
1,323,363IndiaRajkot
36%
1,324,473United Arab EmiratesSharjah
36%
4,083,923ChinaSūzhōu
36%
1,424,641IranTabriz
36%
3,378,731ChinaTàiyuán
36%
2,214,795ChinaXúzhōu
36%
1,089,100VenezuelaBarquisimeto
34%
1,450,062South KoreaGwangju
34%
1,056,191IndiaJodhpur
34%
1,213,726DR CongoMbuji-Mayi
34%
1,441,500IndonesiaPalembang
34%
1,288,084IndonesiaSemarang
34%
1,040,725TaiwanTaichung
34%
1,497,110ChinaHūhéhàotè
32%
1,612,385ChinaNántōng
32%
1,728,128IndiaVisakhapatnam
32%
1,159,227IndiaAmritsar
30%
1,504,996ChinaĀnshān
30%
1,900,373ChinaBāotóu
30%
2,600,000IraqBasrah
30%
2,028,514VietnamHải Phòng
30%
1,807,858ChinaHuìzhōu
30%
1,306,785JapanKawasaki
30%
2,128,191ChinaTángshān
30%
1,081,900PeruArequipa
27%
1,257,843ChinaBăodìng
27%
1,655,015MexicoEcatepec de Morelos
27%
1,448,075IranKaraj
27%
1,261,582ChinaWéifāng
27%
1,142,483MexicoZapopan
27%
1,520,119IndonesiaBekasi
25%
2,257,376ChinaChángzhōu
25%
6,771,895ChinaFóshān
25%
1,168,385IndiaPrayagraj
25%
1,027,264IndiaRaipur
25%
1,186,078South KoreaSuwon
25%
1,189,276ChinaTáizhōu
25%
1,136,017South KoreaUlsan
25%
1,752,371IndiaVadodara
25%
1,797,861ChinaYāntái
25%
1,625,868ChinaDàtóng
23%
1,342,339BangladeshKhulna
23%
1,618,879IndiaLudhiana
23%
1,017,865IndiaMadurai
23%
1,486,053IndiaNashik
23%
1,193,350JapanSaitama
23%
1,372,124IndonesiaTangerang
23%
1,286,700ChinaYínchuān
23%
1,074,900ChinaĀnyáng
20%
1,116,200ChinaChángdé
20%
1,059,942ChinaCíxī
20%
1,235,171VietnamCần Thơ
20%
1,624,571ChinaLiŭzhōu
20%
1,100,000ChinaLúzhōu
20%
1,033,196ChinaMàomíng
20%
1,330,100ChinaQuánzhōu
20%
1,049,363ChinaYíchāng
20%
1,175,116IndiaAurangabad
18%
1,433,698ChinaDàqìng
18%
1,285,100ChinaHéngyáng
18%
1,032,197MozambiqueMatola
18%
1,305,429IndiaMeerut
18%
1,169,000ChinaNánchōng
18%
1,347,200ChinaPútián
18%
1,033,174ChinaQíqíhā'ĕr
18%
1,206,419IndiaSrinagar
18%
1,108,087ChinaWúhú
18%
1,153,417ChinaXīníng
18%
1,136,826ChinaYánchéng
18%
1,584,237ChinaYángzhōu
18%
1,038,762ChinaZhànjiāng
18%
1,302,800ChinaZhūzhōu
18%
1,036,738South KoreaChangwon
16%
1,198,129IndonesiaDepok
16%
1,318,808ChinaFŭshùn
16%
1,035,911ChinaGànzhōu
16%
1,392,121BrazilGuarulhos
16%
1,523,655ChinaHuái'ān
16%
1,522,488ChinaLínyí
16%
1,025,360BrazilMaceió
16%
1,033,000ChinaMiányáng
16%
1,091,737BrazilSão Gonçalo
16%
1,303,569IndonesiaSouth Tangerang
16%
1,841,488IndiaThane
16%
1,369,538ChinaZhūhăi
16%
1,256,268ChinaCháozhōu
14%
1,104,585MexicoCiudad Nezahualcoyotl
14%
1,648,643IndiaGhaziabad
14%
1,079,216South KoreaGoyang
14%
1,054,420IndiaGwalior
14%
1,173,187ChinaHándān
14%
1,081,677IndiaJabalpur
14%
1,480,023ChinaJiāngmén
14%
1,013,670ChinaJiāngyīn
14%
1,091,000ChinaKāifēng
14%
1,001,694IndiaKota
14%
1,892,500ChinaLuòyáng
14%
1,212,500ChinaNányáng
14%
1,120,547IndiaNavi Mumbai
14%
1,073,427IndiaRanchi
14%
1,725,726ChinaShàoxīng
14%
1,187,747EgyptShubrā al-Khaymah
14%
1,123,541ChinaTài'ān
14%
1,433,057ChinaXiāngyáng
14%
1,081,700ChinaXīnxiāng
14%
1,120,400ChinaYuèyáng
14%
1,098,926ChinaZhāngjiākŏu
14%
2,740,994ChinaZhōngshān
14%
1,164,352IndonesiaBatam
11%
1,226,700VietnamBiên Hòa
11%
1,500,000PhilippinesCaloocan City
11%
1,162,472IndiaDhanbad
11%
1,414,050IndiaFaridabad
11%
1,226,848ChinaJiēyáng
11%
1,247,327IndiaKalyan-Dombivli
11%
1,118,617ChinaKūnshān
11%
1,222,390IndiaVasai-Virar
11%
1,143,232IndiaVijayawada
11%
1,074,176South KoreaYongin
11%
1,000,128ChinaBĕnxī
9%
1,077,075IndiaHaora
9%
1,727,692IndiaPimpri-Chinchwad
9%
1,414,400ChinaJìnjiāng
7%
1,013,795VietnamThủ Đức
5%
1,008,000ChinaZìgòng
5%

Score Distribution

Percentile by Number Answered

Percent of People with Each Score

Your Score History

You have not taken this quiz since the last reset